000 00700nam a2200229Ia 4500
003 OSt
005 20220927105110.0
006 a|||||r|||| 00| 0
007 ta
008 220926b |||||||| |||| 00| 0 eng d
024 _a196327
037 _cReference Collections
040 _aRTL
_cRTL
_beng
041 _2eng
_aeng
082 _a"X425.1.N7, M1"
100 _aUNCTAD SECRETARIATE
_9370124
245 0 _aControl by transnational corporations over dry bulk cargo movements
260 _anew
_byork united nation new york
_c1981
300 _a"iv,20p"
_ccm.
942 _h"X425.1.N7, M1"
_cCC
999 _c690625
_d690625